Normal view
MARC view
Entry Personal Name
001 - CONTROL NUMBER
- control field: 9776
003 - CONTROL NUMBER IDENTIFIER
- control field: OSt
005 - DATE AND TIME OF LATEST TRANSACTION
- control field: 20150910120231.0
008 - FIXED-LENGTH DATA ELEMENTS
- fixed length control field: 150910|| aca||aabn | a|a d
040 ## - CATALOGING SOURCE
- Original cataloging agency: OSt
- Transcribing agency: OSt
100 ## - HEADING--PERSONAL NAME
- Personal name: Thakur, M M
670 ## - SOURCE DATA FOUND
- Source citation: Work cat.: (OSt)8201: Thakur, M M, Selected Poems Of Nirala, 2006









